|
|
|
|
| LEADER |
00911nam a2200217 a 4500 |
| 001 |
GR-MES3556 |
| 008 |
991111s gr 000 0 gre d |
| 040 |
|
|
|a GrPaTEI
|b gre
|c GR-PaULI
|
| 245 |
0 |
3 |
|a Οι εξωτερικές οικονομικές σχέσεις και η πολιτική της Ευρωπαϊκής Κοινότητας.
|
| 260 |
|
|
|a [χ.τ.] :
|b Παπαζήση,
|c χ.χ
|
| 300 |
|
|
|a 245σελ.
|
| 650 |
|
4 |
|a Ε.Ο.Κ.
|
| 650 |
|
4 |
|a ΕΥΡΩΠΑΙΚΗ ΚΟΙΝΟΤΗΤΑ
|
| 650 |
|
4 |
|a Οικονομία
|
| 650 |
|
4 |
|a ΠΟΛΙΤΙΚΗ
|
| 700 |
1 |
|
|a Ιωακειμίδης, Π.
|
| 710 |
0 |
|
|a Παπαζήση
|
| 942 |
|
|
|2 ddc
|
| 952 |
|
|
|0 0
|1 0
|2 ddc
|4 0
|6 337_142000000000000_ΙΩΑ
|7 0
|9 268163
|a MSLG
|b MSLG
|c BSC
|d 2021-01-17
|e 24
|f 0
|g 0.00
|l 0
|o 337.142 ΙΩΑ
|p 2420000013410
|r 2021-01-17 00:00:00
|t 1
|w 2021-01-17
|y BK15
|x 19991111 0 1
|x GrPaTEI
|
| 971 |
|
|
|a .b25746017
|b 16-04-20
|c 13-09-16
|
| 999 |
|
|
|c 154466
|d 154466
|